000 01370cam a2200373 a 4500
001 14370477
003 OSt
005 20140415152512.0
008 060509s2006 nyu 001 0 eng
010 _a 2006015564
020 _a0764135465
020 _a9780764135460
035 _a(OCoLC)ocm68694261
035 _a(OCoLC)68694261
040 _aDLC
_cDLC
_dYDX
_dBAKER
_dVP@
_dDLC
050 0 0 _aPE 1128
_b.Y36 2006
082 0 0 _aTR 428.2420
_bY2 2006
100 1 _aYates, Jean.
_9903
245 1 0 _aMaster the basics--English /
_cJean Yates.
250 _a2nd ed.
260 _aHauppauge, N.Y. :
_bBarron's Educational Series,
_cc2006.
300 _ax, 341 p. ;
_c23 cm.
440 0 _aMaster the basics series
_9904
500 _aIncludes index.
562 _eIn circulation. One copy available in the collection
650 0 _aEnglish language
_vTextbooks for foreign speakers.
_9905
650 0 _aEnglish language
_xGrammar
_vProblems, exercises, etc.
_9906
856 4 1 _3Table of contents only
_uhttp://www.loc.gov/catdir/toc/ecip0613/2006015564.html
856 4 2 _3Publisher description
_uhttp://www.loc.gov/catdir/enhancements/fy0664/2006015564-d.html
906 _a7
_bcbc
_corignew
_d1
_eecip
_f20
_gy-gencatlg
942 _2lcc
_cBK
999 _c729
_d729